Latin america : (Record no. 751826)

MARC details
000 -LEADER
fixed length control field 00439nam a22001337a 4500
020 ## - INTERNATIONAL STANDARD BOOK NUMBER
ISBN 9780143470069
082 ## - DEWEY DECIMAL CLASSIFICATION NUMBER
Classification number 330.98 LOS/L
100 ## - MAIN ENTRY--AUTHOR NAME
Personal name Loser,Claudio M
245 ## - TITLE STATEMENT
Title Latin america :
Sub Title a history of economic potential and disappointment , and ahope for future prosperity/
Statement of responsibility, etc by Claudia M Loser
260 ## - PUBLICATION, DISTRIBUTION, ETC. (IMPRINT)
Place of publication . - Haryana
Name of publisher : Penguin Random House
Year of publication , 2024
300 ## - PHYSICAL DESCRIPTION
Number of Pages xxii+218 pages
942 ## - ADDED ENTRY ELEMENTS (KOHA)
Source of classification or shelving scheme Dewey Decimal Classification
Koha item type Book
Holdings
Withdrawn status Lost status Source of classification or shelving scheme Damaged status Not for loan Home Library Current Location Date acquired Full call number Accession Number Price effective from Koha item type
    Dewey Decimal Classification     Dept. of Political Science Dept. of Political Science 04/03/2025 330.98 LOS/L POL23796 29/09/2025 Book